00579nam a2200181Ia 4500952012500000999001700125003000400142005001700146008004100163040000900204082001500213100003600228245004700264260002100311300000900332650002000341942003600361 00102ddc40708ISLAMaMESbMEScISLd2019-02-20g5.00l0o297 WAT/Wp2602r2019-02-20 00:00:00w2019-02-20yBKzGL49R3 c18730d18730OSt20200512113207.0190216s9999||||xx |||||||||||||| ||und|| coclc a297bWAT/W a Watt, William Montgomery92198 0aWhat Is Islam? /cWilliam Montgomery Watt bLongmans,c1968. a256p aIslamic History cBK2ddch297iWAT/Wk297mWAT/W